Cure of diseases by colour therapy (Record no. 356645)

MARC details
000 -LEADER
fixed length control field 00553nam a22002057a 4500
005 - DATE & TIME
control field 20240903094533.0
008 - FIXED-LENGTH DATA ELEMENTS--GENERAL INFORMATION
fixed length control field 240902b |||||||| |||| 00| 0 eng d
020 ## - ISBN
International Standard Book Number 9788192493855
Price Rs. 300.00
040 ## - CATALOGING SOURCE
Original cataloging agency VIVEKANANDA LIBRARY
082 ## - DDC NUMBER
Classification number 615.85
Book Number T188C
100 ## - MAIN ENTRY--PERSONAL NAME
Personal name Tater, Sohan Raj
245 ## - TITLE STATEMENT
Title Cure of diseases by colour therapy
260 ## - PUBLICATION, DISTRIBUTION, ETC. (IMPRINT)
Place of publication, distribution, etc Jaipur
Name of publisher, distributor, etc English Book House
Date of publication, distribution, etc 2013
300 ## - PHYSICAL DESCRIPTION
Pages 99
650 ## - Subject
Subject Color Therapy
650 ## - Subject
Subject Alternative Medicine
650 ## - Subject
Subject Holistic Medicine
650 ## - Subject
Subject Therapeutic Use Of Color
942 ## - ADDED ENTRY ELEMENTS (KOHA)
Koha item type Books
Holdings
Withdrawn status Lost status Source of classification or shelving scheme Damaged status Not for loan Location (home branch) Sublocation or collection (holding branch) Shelving location Date acquired Koha issues (times borrowed) Koha full call number Accession No. Koha date last seen Koha item type
    Dewey Decimal Classification     VIVEKANANDA LIBRARY VIVEKANANDA LIBRARY Vivekananda Library 02/09/2024   615.85 T188C 314318 02/09/2024 Books
© Designed and Maintained by Vivekananda Library, MDU Rohtak